[Event "SC Hansa Dortmund 2 - SK Herne-Sodingen"]
[Site "NRW-Klasse, Gruppe 2 2013/201"]
[Date "2013.10.06"]
[Round "2.6"]
[White "Rempel, Eugen"]
[Black "Becker, Joerg"]
[Result "1-0"]
[WhiteElo "2151"]
[BlackElo "2149"]
[PlyCount "141"]
[EventDate "2013.??.??"]
[WhiteTeam "SC Hansa Dortmund 2"]
[BlackTeam "SK Herne-Sodingen 1"]

1. e4 e5 2. Nf3 Nc6 3. Bb5 a6 4. Ba4 Nf6 5. O-O d6 6. Re1 b5 7. Bb3 Be7 8. c3
Bg4 9. h3 Bxf3 10. Qxf3 O-O 11. a4 Na5 12. Bc2 c5 13. d3 Nd7 14. Nd2 Bg5 15.
Nf1 Bxc1 16. Rexc1 b4 17. Ne3 Rb8 18. Rcb1 Nb6 19. Qg3 b3 20. Bd1 c4 21. d4 Qf6
22. d5 g6 23. Be2 Qf4 24. Qg4 h5 25. Qf3 Rbc8 26. g4 hxg4 27. Qxg4 Qxg4+ 28.
hxg4 f6 29. Kg2 Kg7 30. Rh1 Rh8 31. Rxh8 Rxh8 32. Kg3 Rc8 33. Kh4 Nd7 34. f3
Rc5 35. Kg3 Nb6 36. Bf1 Kh6 37. Be2 Rc8 38. Rh1+ Kg7 39. Ra1 Nd7 40. Bf1 Kf7
41. Be2 Nb6 42. Rh1 Rc5 43. Rh7+ Kg8 44. Ra7 Nxa4 45. Nd1 Rb5 46. Rxa6 Nb6 47.
Ne3 Kf8 48. f4 Na4 49. Bxc4 Nxc4 50. Nxc4 Nc5 51. Nxd6 Nxa6 52. Nxb5 Nc5 53.
fxe5 fxe5 54. Nd6 Ke7 55. Nc4 Nxe4+ 56. Kf3 Nf6 57. Nd2 Nxd5 58. Nxb3 Kd6 59.
Nd2 Nb6 60. b3 Kd5 61. Ke3 Nc8 62. Ne4 Ne7 63. c4+ Ke6 64. Nd2 Nc6 65. Ke4 Nd4
66. b4 Ne2 67. b5 Kd6 68. Ke3 Nf4 69. Ne4+ Kc7 70. Nc3 Kb6 71. Nd5+ 1-0

[Event "SC Hansa Dortmund 2 - SK Herne-Sodingen"]
[Site "NRW-Klasse, Gruppe 2 2013/201"]
[Date "2013.10.06"]
[Round "2.7"]
[White "Schriewer, Thomas"]
[Black "Prueske, Wolfgang"]
[Result "1/2-1/2"]
[WhiteElo "2016"]
[BlackElo "2050"]
[PlyCount "102"]
[EventDate "2013.??.??"]
[WhiteTeam "SK Herne-Sodingen 1"]
[BlackTeam "SC Hansa Dortmund 2"]

1. d4 d5 2. c4 Nc6 3. Nc3 dxc4 4. d5 Ne5 5. e4 Nd3+ 6. Bxd3 cxd3 7. Qxd3 e5 8.
Nf3 Bd6 9. Be3 Ne7 10. Nd2 O-O 11. O-O Ng6 12. Nc4 f5 13. f3 f4 14. Bf2 Qg5 15.
Kh1 Nh4 16. Bxh4 Qxh4 17. Nxd6 cxd6 18. Qe2 Bd7 19. Qf2 Qd8 20. Rac1 Qa5 21.
Rc2 Rac8 22. Rfc1 Rc7 23. Qh4 Rf6 24. a3 h6 25. Nb1 Rxc2 26. Rxc2 g5 27. Qf2
Rf8 28. Rc3 Rc8 29. Rxc8+ Bxc8 30. Nc3 Bd7 31. h3 b5 32. Kh2 Qc7 33. Qg1 a5 34.
Qf2 b4 35. Nb1 Kf7 36. Qd2 Qc5 37. Kh1 Ba4 38. axb4 axb4 39. Kh2 Kf6 40. Qe2
Bb5 41. Qd1 Qf2 42. Nd2 h5 43. Qc1 g4 44. fxg4 hxg4 45. hxg4 Qg3+ 46. Kg1 Qxg4
47. Qc7 Qd1+ 48. Kh2 Qh5+ 49. Kg1 Qd1+ 50. Kh2 Qh5+ 51. Kg1 Qd1+ 1/2-1/2

[Event "SC Hansa Dortmund 2 - SK Herne-Sodingen"]
[Site "NRW-Klasse, Gruppe 2 2013/201"]
[Date "2013.10.06"]
[Round "2.8"]
[White "Linker, Walter"]
[Black "Ribbeheger, Edgar"]
[Result "0-1"]
[WhiteElo "2050"]
[BlackElo "1962"]
[PlyCount "120"]
[EventDate "2013.??.??"]
[WhiteTeam "SC Hansa Dortmund 2"]
[BlackTeam "SK Herne-Sodingen 1"]

1. b3 e5 2. Bb2 Nc6 3. e3 d5 4. Bb5 f6 5. d4 e4 6. c4 a6 7. Ba4 Be6 8. Qc2 b5
9. cxb5 Nb4 10. Qe2 axb5 11. Bxb5+ c6 12. Ba4 Bc8 13. Nc3 Ba6 14. Bxc6+ Nxc6
15. Qh5+ g6 16. Qxd5 Qxd5 17. Nxd5 Bb4+ 18. Kd1 O-O-O 19. Nc3 Bxc3 20. Bxc3 Bf1
21. Ne2 Bxg2 22. Rg1 Bf3 23. Kd2 Bxe2 24. Kxe2 Nge7 25. Rgc1 Kb7 26. a3 Nd5 27.
Bd2 Ra8 28. Rc5 Nce7 29. a4 Rhc8 30. b4 Rxc5 31. dxc5 Kc6 32. f3 f5 33. f4 Nc7
34. b5+ Kxc5 35. Rc1+ Kb6 36. a5+ Kb7 37. a6+ Kb6 38. Ba5+ Kxa5 39. Rxc7 Nd5
40. Rc5 Nb6 41. h4 Ra7 42. h5 Kb4 43. Re5 Rd7 44. hxg6 hxg6 45. Re6 Kxb5 46.
Rxg6 Kxa6 47. Rf6 Rd5 48. Kf2 Kb5 49. Ke2 Nc4 50. Rf8 Kb4 51. Rf6 Kc3 52. Rf8
Rd2+ 53. Ke1 Kd3 54. Rc8 Re2+ 55. Kf1 Nxe3+ 56. Kg1 Rg2+ 57. Kh1 Rf2 58. Rd8+
Ke2 59. Ra8 Kf3 60. Kg1 Rf1+ 0-1

[Event "SK Holsterhausen 1 - SF Neuenkirchen 1"]
[Site "NRW-Klasse, Gruppe 2 2013/201"]
[Date "2013.10.06"]
[Round "2.1"]
[White "Rieke, Theo"]
[Black "Bee, Marcus"]
[Result "0-1"]
[WhiteElo "2036"]
[BlackElo "2218"]
[PlyCount "102"]
[EventDate "2013.??.??"]
[WhiteTeam "SF Neuenkirchen 1"]
[BlackTeam "SK Holsterhausen 1"]

1. Nf3 d6 2. g3 e5 3. Bg2 f5 4. d3 Nf6 5. c4 Be7 6. Nc3 O-O 7. O-O Qe8 8. Bg5
c6 9. c5 Nbd7 10. cxd6 Bxd6 11. d4 e4 12. Nd2 h6 13. Bxf6 Nxf6 14. Nc4 Bc7 15.
d5 Qf7 16. Ne3 Rd8 17. Rc1 cxd5 18. Nb5 Bb6 19. Nd4 g6 20. Qd2 Bd7 21. Rc2 Qe7
22. Rfc1 Qe5 23. Nb3 Rac8 24. h3 Rxc2 25. Rxc2 Be6 26. Nc5 Bc8 27. Na4 Bc7 28.
Qc1 Ne8 29. Nf1 Kh7 30. e3 Bd7 31. Nc5 Bc6 32. Nb3 Bb6 33. Nfd2 Nd6 34. Bf1 h5
35. h4 Bxe3 36. fxe3 Qxg3+ 37. Bg2 Qxe3+ 38. Kh2 d4 39. Nf1 Qxc1 40. Rxc1 Nf7
41. Kg3 Ne5 42. Rd1 d3 43. Ne3 Kg7 44. Kf4 Kf6 45. Na5 Nd7 46. Nxc6 bxc6 47.
Rc1 Nf8 48. Rxc6+ Ne6+ 49. Kg3 f4+ 50. Kf2 fxe3+ 51. Kxe3 d2 0-1

[Event "SK Holsterhausen 1 - SF Neuenkirchen 1"]
[Site "NRW-Klasse, Gruppe 2 2013/201"]
[Date "2013.10.06"]
[Round "2.2"]
[White "Schwalen, Peter"]
[Black "Buendgen, Achim"]
[Result "0-1"]
[WhiteElo "2077"]
[BlackElo "2184"]
[Annotator "Doe,John"]
[PlyCount "124"]
[EventDate "2013.??.??"]
[WhiteTeam "SK Holsterhausen 1"]
[BlackTeam "SF Neuenkirchen 1"]

1. Nf3 g6 2. e4 c6 3. Nc3 d5 4. d4 Bg7 5. h3 Nh6 6. Bf4 f6 7. g4 Nf7 8. Qe2 O-O
9. O-O-O e5 10. Be3 Be6 11. Kb1 Qa5 12. exd5 cxd5 13. Qb5 Qxb5 14. Bxb5 e4 15.
Nd2 Nd6 16. Ba4 Na6 17. Bb3 Nc7 18. Ne2 Rac8 19. Bf4 Rfd8 20. c3 b5 21. a3 Nc4
22. Rhg1 Bf7 23. Nf1 Ne6 24. Bc1 a5 25. h4 Bf8 26. Nf4 Nxf4 27. Bxf4 b4 28.
axb4 axb4 29. cxb4 Bxb4 30. Rg3 Be6 31. Nd2 Nxd2+ 32. Bxd2 Bd6 33. Rgg1 Rb8 34.
Kc2 Rd7 35. Bc3 Rdb7 36. Ba4 Kf7 37. Ra1 Rc7 38. Bb3 Rcb7 39. Ba4 Bb4 40. Ra2
Ke7 41. Bc6 Rc7 42. Ba4 Rbc8 43. Rg3 Bxc3 44. bxc3 Ra8 45. Bb3 Rca7 46. Rxa7+
Rxa7 47. Rg1 Kd6 48. Kd2 $11 Ra3 49. Kc2 h6 50. g5 fxg5 51. hxg5 h5 52. Rh1 Ra8
53. Kd2 Rf8 54. Rh2 Rf5 55. Rg2 h4 56. Rh2 h3 57. c4 dxc4 58. Bc2 Rf4 59. f3
c3+ 60. Kxc3 Rxf3+ 61. Kd2 Kd5 62. Ke1 Kxd4 0-1

[Event "SK Holsterhausen 1 - SF Neuenkirchen 1"]
[Site "NRW-Klasse, Gruppe 2 2013/201"]
[Date "2013.10.06"]
[Round "2.3"]
[White "Wilde, Pierre"]
[Black "Walbaum, Klaus"]
[Result "1/2-1/2"]
[WhiteElo "2241"]
[BlackElo "2144"]
[PlyCount "55"]
[EventDate "2013.??.??"]
[WhiteTeam "SF Neuenkirchen 1"]
[BlackTeam "SK Holsterhausen 1"]

1. c4 Nf6 2. g3 g6 3. Bg2 Bg7 4. Nc3 O-O 5. e4 c5 6. Nge2 Nc6 7. d3 Ne8 8. Be3
Nd4 9. Rb1 d6 10. O-O Nc7 11. b4 Nce6 12. a3 Rb8 13. Qd2 a6 14. Bh6 b5 15. Bxg7
Kxg7 16. f4 f5 17. exf5 gxf5 18. Nd5 Nxe2+ 19. Qxe2 Rf7 20. Qh5 h6 21. g4 Nd4
22. g5 hxg5 23. Qxg5+ Kh8 24. Rbe1 Rg7 25. Qh4+ Rh7 26. Qg5 Rg7 27. Qh4+ Rh7
28. Qg5 1/2-1/2

[Event "SK Holsterhausen 1 - SF Neuenkirchen 1"]
[Site "NRW-Klasse, Gruppe 2 2013/201"]
[Date "2013.10.06"]
[Round "2.4"]
[White "Khasin, Abram"]
[Black "Beckmann, Klaus"]
[Result "0-1"]
[WhiteElo "2144"]
[BlackElo "2204"]
[PlyCount "106"]
[EventDate "2013.??.??"]
[WhiteTeam "SK Holsterhausen 1"]
[BlackTeam "SF Neuenkirchen 1"]

1. d4 Nf6 2. c4 g6 3. Nc3 Bg7 4. e4 d6 5. f3 O-O 6. Be3 a6 7. Nge2 Nbd7 8. Qd2
c5 9. d5 Ne5 10. Ng3 e6 11. Bg5 exd5 12. Nxd5 Be6 13. f4 Nc6 14. O-O-O Re8 15.
Bd3 Bxd5 16. cxd5 Nd4 17. Rhf1 h6 18. Bh4 Nxe4 19. Nxe4 Qxh4 20. Nxd6 Red8 21.
Nxb7 Rxd5 22. Kb1 Rb8 23. Be4 Rh5 24. Qd3 Qe7 25. Na5 Rxh2 26. Nc4 Rh5 27. Rde1
Qc7 28. Rf2 Rb4 29. g4 Rh4 30. Qg3 g5 31. Ne5 Ne6 32. Nxf7 Nxf4 33. Bd5 Kf8 34.
Qe3 Rb8 35. Bc4 Bf6 36. Ne5 Bxe5 37. Qxe5 Qxe5 38. Rxe5 Rxg4 39. Rxc5 Ke7 40.
Rd2 Rg1+ 41. Kc2 Rg2 42. Rc7+ Kf6 43. Rc6+ Kg7 44. Rxg2 Nxg2 45. Rxa6 Ne3+ 46.
Kd3 Nxc4 47. Kxc4 Rxb2 48. a4 g4 49. a5 g3 50. Rd6 h5 51. a6 Ra2 52. Rd3 h4 53.
Rd4 Rxa6 0-1

[Event "SK Holsterhausen 1 - SF Neuenkirchen 1"]
[Site "NRW-Klasse, Gruppe 2 2013/201"]
[Date "2013.10.06"]
[Round "2.5"]
[White "Haves, Reinhard"]
[Black "Bobzin, Pierre"]
[Result "1/2-1/2"]
[WhiteElo "2151"]
[BlackElo "2067"]
[PlyCount "60"]
[EventDate "2013.??.??"]
[WhiteTeam "SF Neuenkirchen 1"]
[BlackTeam "SK Holsterhausen 1"]

1. d4 Nf6 2. Nf3 g6 3. g3 Bg7 4. Bg2 O-O 5. c4 d6 6. Nc3 Nbd7 7. O-O e5 8. e4
h6 9. h3 Nh7 10. Be3 Ng5 11. Nxg5 hxg5 12. Rc1 exd4 13. Bxd4 Bxd4 14. Qxd4 Ne5
15. f4 gxf4 16. gxf4 c5 17. Qd2 Nxc4 18. Qe2 Nb6 19. f5 Qg5 20. Qd3 Rd8 21.
Rcd1 d5 22. fxg6 fxg6 23. exd5 Bf5 24. Qf3 Nc4 25. Rf2 Rf8 26. d6 Be6 27. Ne4
Qe5 28. Qg3 Qxg3 29. Nxg3 Rxf2 30. Kxf2 Rf8+ 1/2-1/2

[Event "SK Holsterhausen 1 - SF Neuenkirchen 1"]
[Site "NRW-Klasse, Gruppe 2 2013/201"]
[Date "2013.10.06"]
[Round "2.6"]
[White "Sicars, Thorsten"]
[Black "Seegers, Hendrik"]
[Result "1/2-1/2"]
[WhiteElo "1945"]
[BlackElo "2166"]
[PlyCount "175"]
[EventDate "2013.??.??"]
[WhiteTeam "SK Holsterhausen 1"]
[BlackTeam "SF Neuenkirchen 1"]

1. d4 d5 2. Bf4 e6 3. e3 Bd6 4. Bxd6 Qxd6 5. Qg4 g6 6. Nd2 Ne7 7. Ngf3 Nd7 8.
Qg3 Nf5 9. Qxd6 Nxd6 10. Bd3 b6 11. O-O Bb7 12. c4 c5 13. cxd5 Bxd5 14. e4 Bb7
15. e5 Nf5 16. Rfd1 O-O 17. dxc5 Nxc5 18. Be2 Rfd8 19. Nc4 h5 20. Rac1 Rd5 21.
Rxd5 Bxd5 22. b4 Nd7 23. Nd6 Rd8 24. Nxf5 gxf5 25. a3 Bxf3 26. Bxf3 Nxe5 27.
Bxh5 Rd3 28. Ra1 Rb3 29. Be2 Nc6 30. g3 Nd4 31. Bd1 Rb2 32. Kg2 Kg7 33. Rc1 Kg6
34. Rc7 Nb5 35. Rb7 Nxa3 36. Rxa7 Nc4 37. Kf1 Rxb4 38. Be2 Nd2+ 39. Kg2 Rb2 40.
Rb7 Ne4 41. Kf1 e5 42. h4 f6 43. Rb8 Kh6 44. Rb7 b5 45. Rb6 b4 46. Bd3 Nd2+ 47.
Kg2 e4 48. Bb5 Kg7 49. Rb7+ Kh6 50. Rb6 Kg6 51. Be8+ Kg7 52. Rb7+ Kf8 53. Bg6
Nc4 54. Kg1 Rb1+ 55. Kg2 Rb2 56. Kg1 e3 57. fxe3 Nxe3 58. Rf7+ Kg8 59. Rxf6 Kg7
60. Rb6 Rg2+ 61. Kh1 Rxg3 62. Bxf5 Nxf5 63. Rxb4 Kg6 64. Kh2 Rd3 65. Rg4+ Kh6
66. Kg1 Rd2 67. Ra4 Kh5 68. Ra5 Kg4 69. h5 Nh4 70. Kf1 Nf3 71. Ra8 Kxh5 72. Rg8
Ng5 73. Ke1 Ra2 74. Kd1 Kg4 75. Kc1 Kf4 76. Rf8+ Ke3 77. Re8+ Ne4 78. Rd8 Nd2
79. Rd7 Nb3+ 80. Kb1 Rh2 81. Re7+ Kd3 82. Rd7+ Nd4 83. Rc7 Nc2 84. Rd7+ Kc3 85.
Rc7+ Kb3 86. Rb7+ Nb4 87. Kc1 Kc3 88. Rc7+ 1/2-1/2

[Event "SK Holsterhausen 1 - SF Neuenkirchen 1"]
[Site "NRW-Klasse, Gruppe 2 2013/201"]
[Date "2013.10.06"]
[Round "2.7"]
[White "Hachmeister, Dirk"]
[Black "Kortenbusch, Christoph"]
[Result "1-0"]
[WhiteElo "2188"]
[BlackElo "2048"]
[Annotator "Doe,John"]
[PlyCount "73"]
[EventDate "2013.??.??"]
[WhiteTeam "SF Neuenkirchen 1"]
[BlackTeam "SK Holsterhausen 1"]

1. Nf3 c5 2. c4 Nf6 3. g3 g6 4. Bg2 Bg7 5. O-O O-O 6. d4 cxd4 7. Nxd4 Nc6 8.
Nc3 d6 9. Nxc6 bxc6 10. Qc2 Rb8 11. Rb1 Qa5 12. Bd2 Qh5 $11 13. b3 Bf5 14. e4
Bh3 15. f3 Bxg2 16. Kxg2 d5 17. e5 Nd7 18. f4 Nb6 19. cxd5 cxd5 20. Qd3 Qf5 21.
Qxf5 gxf5 22. Be3 e6 23. Rbc1 f6 24. exf6 Bxf6 25. Nb5 Rb7 26. Rc6 d4 27. Nxd4
Nd5 28. Bg1 Nb4 29. Rxe6 Nxa2 30. Nxf5 Rxb3 31. Bc5 Rc8 32. Rxf6 Rxc5 33. Re1
Rb8 34. Re7 a5 35. Nh6+ Kh8 36. Rff7 Rb2+ 37. Kh3 1-0

[Event "SK Holsterhausen 1 - SF Neuenkirchen 1"]
[Site "NRW-Klasse, Gruppe 2 2013/201"]
[Date "2013.10.06"]
[Round "2.8"]
[White "Racherbaeumer, Marcel"]
[Black "Beckmann, Klaus"]
[Result "1/2-1/2"]
[WhiteElo "2227"]
[BlackElo "2071"]
[Annotator "Doe,John"]
[PlyCount "80"]
[EventDate "2013.??.??"]
[WhiteTeam "SK Holsterhausen 1"]
[BlackTeam "SF Neuenkirchen 1"]

1. Nf3 Nf6 2. c4 e6 3. g3 d5 4. Bg2 Be7 5. O-O O-O 6. b3 b6 7. Bb2 Bb7 8. e3
Nbd7 9. Qe2 c5 10. Nc3 a6 11. d3 Qc7 12. Nd2 dxc4 13. bxc4 Bxg2 14. Kxg2 b5 15.
a4 b4 $11 16. Nd1 Qc6+ 17. Qf3 Qxf3+ 18. Kxf3 Rfd8 19. Ke2 Nb8 20. f4 Nc6 21.
Nb3 Ra7 22. Nf2 Nd7 23. g4 f6 24. Rg1 Kf7 25. Ne4 Rc7 26. h4 Rcc8 27. Rg2 Re8
28. h5 e5 29. fxe5 Ncxe5 30. Rf1 Ke6 31. a5 h6 32. Ng3 Bf8 33. Nf5 Rc7 34. Rf4
Kf7 35. Rg1 Rd8 36. Ng3 Re8 37. Ne4 Kg8 38. Rff1 Nxc4 39. Nxf6+ Nxf6 40. dxc4
Ne4 1/2-1/2

[Event "SG Solingen 3 - Herforder SV Königsspri"]
[Site "NRW-Klasse, Gruppe 2 2013/201"]
[Date "2013.10.06"]
[Round "2.2"]
[White "Hobusch, Alexander"]
[Black "Pieper-Emden, Carsten"]
[Result "1/2-1/2"]
[WhiteElo "2187"]
[BlackElo "2156"]
[PlyCount "117"]
[EventDate "2013.??.??"]
[WhiteTeam "SG Solingen 3"]
[BlackTeam "Herforder SV Königsspringer 1"]

1. d4 d5 2. Nf3 Nf6 3. c4 e6 4. Nc3 Be7 5. cxd5 exd5 6. Bg5 O-O 7. e3 h6 8. Bh4
c6 9. Bd3 Ne4 10. Bg3 Nxg3 11. hxg3 Re8 12. Bc2 Nd7 13. Qd3 Nf8 14. O-O-O Bg4
15. Rde1 Bxf3 16. gxf3 b5 17. g4 a5 18. f4 a4 19. g5 hxg5 20. fxg5 Bxg5 21.
Reg1 Re6 22. Qf5 Rh6 23. Rxh6 Bxh6 24. Ne2 a3 25. Ng3 axb2+ 26. Kxb2 Qe7 27.
Qd3 Qb4+ 28. Bb3 g6 29. Nf5 Bg7 30. Nxg7 Kxg7 31. Qc2 Rc8 32. Qf5 Re8 33. Qc2
Qd6 34. Rh1 Ne6 35. Rc1 Rc8 36. Qd3 Rh8 37. Qc3 Rh2 38. Rc2 Nd8 39. a4 bxa4 40.
Bxa4 Qf6 41. Bxc6 Nxc6 42. Qxc6 Qxc6 43. Rxc6 Rxf2+ 44. Kc3 Rf6 45. Rc5 Rd6 46.
Kd3 g5 47. Ke2 Kg6 48. Kf3 f6 49. Kg4 Rd7 50. Rb5 Rd6 51. Rc5 f5+ 52. Kf3 g4+
53. Kg3 Kg5 54. Rb5 Rd8 55. Ra5 Re8 56. Kf2 Rd8 57. Kg3 Rd7 58. Rb5 Rd8 59. Ra5
1/2-1/2

[Event "SG Solingen 3 - Herforder SV Königsspri"]
[Site "NRW-Klasse, Gruppe 2 2013/201"]
[Date "2013.10.06"]
[Round "2.3"]
[White "Loemker, Michael"]
[Black "Hobusch, Jan"]
[Result "1/2-1/2"]
[WhiteElo "2092"]
[BlackElo "2079"]
[PlyCount "83"]
[EventDate "2013.??.??"]
[WhiteTeam "Herforder SV Königsspringer 1"]
[BlackTeam "SG Solingen 3"]

1. d4 d5 2. c4 dxc4 3. Nf3 a6 4. a4 Nc6 5. e3 Na5 6. Nc3 Bg4 7. Be2 Nf6 8. Ne5
Bxe2 9. Qxe2 e6 10. Nxc4 Nxc4 11. Qxc4 Be7 12. b4 O-O 13. O-O b5 14. Qb3 Qd6
15. Ba3 c6 16. Rfc1 a5 17. Na2 bxa4 18. Qc4 Nd5 19. e4 Nxb4 20. Nc3 Rfd8 21.
Rd1 Qf4 22. Bc1 Qd6 23. Be3 a3 24. Rxa3 Nd5 25. Rb3 Nxc3 26. Rxc3 Rdc8 27. Ra1
Qd7 28. g3 h6 29. Ra2 Bb4 30. Rc1 Qb7 31. Ra4 Qb5 32. Qa2 Qd3 33. e5 Rab8 34.
h4 Qb5 35. Rc4 Qd5 36. Qc2 Rb6 37. Ra1 Rb7 38. Rc1 Ba3 39. Ra1 Bb4 40. Rc1 Ba3
41. Ra1 Bb4 42. Rc1 1/2-1/2

[Event "SG Solingen 3 - Herforder SV Königsspri"]
[Site "NRW-Klasse, Gruppe 2 2013/201"]
[Date "2013.10.06"]
[Round "2.4"]
[White "Auer, Martin"]
[Black "Quelle, Helmut"]
[Result "1-0"]
[WhiteElo "2140"]
[BlackElo "2084"]
[PlyCount "59"]
[EventDate "2013.??.??"]
[WhiteTeam "SG Solingen 3"]
[BlackTeam "Herforder SV Königsspringer 1"]

1. e4 e6 2. d4 d5 3. Nc3 dxe4 4. Nxe4 Nd7 5. Nf3 Ngf6 6. Nxf6+ Nxf6 7. Bd3 c5
8. dxc5 Bxc5 9. O-O O-O 10. Qe2 b6 11. Bg5 Bb7 12. Rad1 Qc7 13. Ne5 Be7 14.
Bxf6 Bxf6 15. Nd7 Rfd8 16. Nxf6+ gxf6 17. Qg4+ Kh8 18. Qh4 f5 19. Qf6+ Kg8 20.
h4 Rd5 21. Qg5+ Kh8 22. c4 Rd6 23. Be2 Rad8 24. Rxd6 Rxd6 25. Qf6+ Kg8 26. Bh5
Rd7 27. Rc1 f4 28. Re1 Qxc4 29. Re5 Qd4 30. Bxf7+ 1-0

[Event "SG Solingen 3 - Herforder SV Königsspri"]
[Site "NRW-Klasse, Gruppe 2 2013/201"]
[Date "2013.10.06"]
[Round "2.5"]
[White "Bykovskij, Sergej"]
[Black "Blasek, Ralph"]
[Result "1/2-1/2"]
[WhiteElo "2023"]
[BlackElo "2138"]
[PlyCount "119"]
[EventDate "2013.??.??"]
[WhiteTeam "Herforder SV Königsspringer 1"]
[BlackTeam "SG Solingen 3"]

1. d4 d5 2. Nf3 Bf5 3. Bf4 e6 4. e3 Bd6 5. Bg3 Nf6 6. Bd3 Nc6 7. O-O Qd7 8. a3
Bxg3 9. hxg3 Bg4 10. Nbd2 a6 11. c4 dxc4 12. Nxc4 Qd5 13. Qb3 O-O-O 14. Rac1
Kb8 15. Qc3 Bxf3 16. gxf3 Rd7 17. Be2 Qh5 18. Rfd1 Rhd8 19. Kg2 g5 20. Rh1 Qg6
21. Bd3 Qg7 22. Be2 h5 23. Na5 Nxa5 24. Qxa5 g4 25. fxg4 hxg4 26. Bxa6 Qg6 27.
Bb5 Qf5 28. Qa4 Ne4 29. Qc2 Qf3+ 30. Kg1 Nxg3 31. Rh2 c6 32. Bd3 e5 33. fxg3
Qxe3+ 34. Rf2 Rxd4 35. Bf1 Rd2 36. Qc5 R8d4 37. Qf8+ Ka7 38. Qc5+ Kb8 39. Qf8+
Rd8 40. Qc5 Qxg3+ 41. Rg2 Qf4 42. Re1 R8d5 43. Qe3 f6 44. Qxf4 exf4 45. Rxd2
Rxd2 46. Re2 Rd1 47. Rf2 Rd4 48. Rc2 Kc7 49. Rc4 Rd2 50. b4 Ra2 51. Rxf4 Rxa3
52. Rxf6 Rf3 53. Rg6 Rf4 54. b5 Kb6 55. bxc6 bxc6 56. Be2 Kc5 57. Bxg4 Kb4 58.
Kg2 c5 59. Kg3 Rf8 60. Be2 1/2-1/2

[Event "SG Solingen 3 - Herforder SV Königsspri"]
[Site "NRW-Klasse, Gruppe 2 2013/201"]
[Date "2013.10.06"]
[Round "2.6"]
[White "Zolfagharian, Kevin"]
[Black "Hanisch, Bernd"]
[Result "0-1"]
[WhiteElo "2068"]
[BlackElo "1969"]
[PlyCount "60"]
[EventDate "2013.??.??"]
[WhiteTeam "SG Solingen 3"]
[BlackTeam "Herforder SV Königsspringer 1"]

1. e4 c6 2. d4 d5 3. e5 c5 4. dxc5 Nc6 5. Nf3 Bg4 6. Bb5 e6 7. b4 Qc7 8. Bb2
Nge7 9. Nbd2 b6 10. cxb6 Qxb6 11. c4 a6 12. Bxc6+ Nxc6 13. a3 dxc4 14. Nxc4
Bxb4+ 15. Kf1 Qb5 16. Qe2 Bc5 17. a4 Qb3 18. Nd6+ Bxd6 19. exd6 O-O 20. Ra3 Qb4
21. h3 Bf5 22. Qd2 Rab8 23. Qxb4 Rxb4 24. g4 Be4 25. Bc1 Rb1 26. Kg2 Nd4 27.
Rd1 Nxf3 28. Kg3 Bc2 29. Rxf3 Bxd1 30. Rc3 Rb3 0-1

[Event "SG Solingen 3 - Herforder SV Königsspri"]
[Site "NRW-Klasse, Gruppe 2 2013/201"]
[Date "2013.10.06"]
[Round "2.7"]
[White "Buddensiek, Uwe"]
[Black "Peschel, Andreas"]
[Result "1/2-1/2"]
[WhiteElo "2023"]
[BlackElo "2027"]
[PlyCount "95"]
[EventDate "2013.??.??"]
[WhiteTeam "Herforder SV Königsspringer 1"]
[BlackTeam "SG Solingen 3"]

1. d4 g6 2. e4 Bg7 3. c4 d6 4. Nc3 Nf6 5. f3 O-O 6. Bg5 c6 7. Qd2 a6 8. Bd3 b5
9. Nge2 Bb7 10. O-O bxc4 11. Bxc4 d5 12. Bb3 dxe4 13. fxe4 c5 14. dxc5 Qxd2 15.
Bxd2 Nxe4 16. Nxe4 Bxe4 17. Bc3 Nd7 18. Bxg7 Kxg7 19. Rac1 Rac8 20. Nc3 Bc6 21.
Nd5 Bxd5 22. Bxd5 Rxc5 23. Rxc5 Nxc5 24. Rc1 Nd3 25. Rc7 Kf6 26. Bb7 Rd8 27.
Bxa6 Nxb2 28. Rc2 Ra8 29. Be2 Rxa2 30. Kf2 e6 31. Rd2 h5 32. h4 Ke5 33. g3 f5
34. Kg2 f4 35. gxf4+ Kxf4 36. Bd3 Ke3 37. Bb1 Kxd2 38. Bxa2 e5 39. Bf7 Nd3 40.
Kf3 Nf4 41. Ke4 Ke2 42. Kxe5 Kf3 43. Kf6 Kg4 44. Ke5 Kg3 45. Be8 Nd3+ 46. Kd4
Kxh4 47. Bxg6 Nf4 48. Bxh5 1/2-1/2

[Event "SG Solingen 3 - Herforder SV Königsspri"]
[Site "NRW-Klasse, Gruppe 2 2013/201"]
[Date "2013.10.06"]
[Round "2.8"]
[White "Goerke, Joachim"]
[Black "Klemme, Thomas"]
[Result "1-0"]
[WhiteElo "1965"]
[BlackElo "1860"]
[PlyCount "129"]
[EventDate "2013.??.??"]
[WhiteTeam "SG Solingen 3"]
[BlackTeam "Herforder SV Königsspringer 1"]

1. d4 Nf6 2. Nf3 e6 3. c4 b6 4. Nc3 Bb4 5. Qc2 Bb7 6. a3 Bxc3+ 7. Qxc3 Ne4 8.
Qc2 f5 9. g3 O-O 10. Bg2 Nf6 11. O-O Be4 12. Qc3 d6 13. b4 Nbd7 14. a4 a5 15.
b5 Qe7 16. Ba3 Rfc8 17. Rfc1 c5 18. bxc6 Bxc6 19. Ne5 Bxg2 20. Nxd7 Qxd7 21.
Kxg2 Qxa4 22. f3 Qc6 23. Qe3 Re8 24. Rab1 Rab8 25. Rb5 Kf7 26. Qb3 Nd7 27. d5
exd5 28. cxd5 Qb7 29. Bxd6 Rbc8 30. Bc7 g6 31. Rc6 Rxe2+ 32. Kh3 Rce8 33. Bf4
Rc8 34. Qc4 Ree8 35. d6+ Kg7 36. Qd4+ Kf7 37. Qd5+ Kg7 38. Rc7 Rxc7 39. dxc7
Qc8 40. Qd4+ Kf7 41. Rd5 Re7 42. Qc4 Kg7 43. Bd6 Rf7 44. Qc3+ Kg8 45. Ba3 f4
46. Kg2 h6 47. Bb2 Kh7 48. Qh8+ Qxh8 49. Bxh8 Nf6 50. c8=Q Nxd5 51. Bd4 Nf6 52.
Qe6 Kg7 53. gxf4 b5 54. Qb6 a4 55. Qxb5 a3 56. Qa6 Rf8 57. Be5 Rf7 58. Kf2 Rf8
59. Ke2 Rf7 60. Kd2 Rf8 61. Kc2 a2 62. Kb2 a1=Q+ 63. Kxa1 Rf7 64. Qe6 Rf8 65.
Qe7+ 1-0

[Event "SV Würselen 1 - SC Hansa Dortmund 2"]
[Site "NRW-Klasse, Gruppe 2 2013/201"]
[Date "2013.11.17"]
[Round "3.1"]
[White "Kotter, Ralf"]
[Black "Hovhanisian, Mher"]
[Result "1/2-1/2"]
[WhiteElo "2293"]
[BlackElo "2504"]
[PlyCount "120"]
[EventDate "2013.??.??"]
[WhiteTeam "SC Hansa Dortmund 2"]
[BlackTeam "SV Würselen 1"]

1. e4 e6 2. d4 d5 3. e5 Bd7 4. Nf3 a6 5. c3 Bb5 6. Bxb5+ axb5 7. O-O Ne7 8. Na3
c6 9. Nc2 Nf5 10. Ne3 Nxe3 11. Bxe3 Be7 12. Ne1 O-O 13. Nd3 Nd7 14. Qg4 Kh8 15.
a3 Ra4 16. f4 g6 17. Qh3 Qc8 18. g4 f5 19. exf6 Bxf6 20. g5 Bg7 21. Qxe6 Ra8
22. Qg4 Rf5 23. Rae1 b6 24. Nc1 c5 25. Ne2 Nf8 26. Ng3 Rf7 27. f5 gxf5 28. Nxf5
Ng6 29. Nh6 Rxf1+ 30. Rxf1 Qxg4+ 31. Nxg4 cxd4 32. Bxd4 Bxd4+ 33. cxd4 Ra4 34.
Rd1 b4 35. axb4 Rxb4 36. Rd2 Nh4 37. Kf2 Kg7 38. Ne3 Rb5 39. Kg3 Rb3 40. Kxh4
Rxe3 41. Kg4 Kg6 42. Rf2 h5+ 43. gxh6 Re4+ 44. Rf4 Re2 45. h4 Rg2+ 46. Kf3 Rxb2
47. h7 Kxh7 48. Rf5 Kg6 49. Rxd5 b5 50. Ke4 Kf6 51. h5 b4 52. Kd3 Ke6 53. Rb5
Rh2 54. Kc4 Rh4 55. h6 Kd7 56. Rb6 Kc7 57. Kc5 b3 58. d5 Rh5 59. Rxb3 Rxh6 60.
Ra3 Kb7 1/2-1/2

[Event "SV Würselen 1 - SC Hansa Dortmund 2"]
[Site "NRW-Klasse, Gruppe 2 2013/201"]
[Date "2013.11.17"]
[Round "3.2"]
[White "Cekro, Ekrem"]
[Black "Ackermann, Hans Werner"]
[Result "1-0"]
[WhiteElo "2360"]
[BlackElo "2223"]
[PlyCount "101"]
[EventDate "2013.??.??"]
[WhiteTeam "SV Würselen 1"]
[BlackTeam "SC Hansa Dortmund 2"]

1. c4 g6 2. g3 Bg7 3. Bg2 c5 4. Nc3 Nc6 5. a3 Nf6 6. Rb1 a5 7. e4 e5 8. Nge2
O-O 9. O-O d6 10. d3 Ng4 11. Nd5 f5 12. h3 Nh6 13. exf5 Nxf5 14. b4 axb4 15.
axb4 Kh8 16. bxc5 dxc5 17. Nec3 Ncd4 18. Ne4 Ne6 19. Be3 Nfd4 20. Bxd4 cxd4 21.
Nb6 Ra7 22. Nxc8 Qxc8 23. Nd6 Qd7 24. Rxb7 Rxb7 25. Nxb7 e4 26. Bxe4 Ng5 27.
Bg2 Nxh3+ 28. Bxh3 Qxb7 29. Bg2 Qb2 30. c5 h5 31. Be4 Rf6 32. c6 Qb6 33. Qc1
Qc7 34. Qg5 Rxc6 35. Bxc6 Qxc6 36. Rc1 Qb6 37. Qe7 Qf6 38. Qxf6 Bxf6 39. Rc7
Bg7 40. Kg2 Kh7 41. f4 Kh6 42. Kf3 Bf6 43. Ke4 Bh8 44. Rc6 Kh7 45. Rd6 Bg7 46.
Rxd4 Bxd4 47. Kxd4 Kh6 48. Ke5 g5 49. fxg5+ Kxg5 50. d4 Kg4 51. d5 1-0